Les Déracinés. (Registro nro. 323766)

Detalles MARC
000 -ENCABEZADO
Número de control [NR] 01926nam a2200265Ia 4500
005 - FECHA Y HORA DE LA ÚLTIMA TRANSACCIÓN
control field 20240118160302.0
008 - DE LONGITUD FIJA DE DATOS DE ELEMENTOS - INFORMACIÓN GENERAL
Elementos de longitud fija [NR] 130821n fr fr 1 e fre
040 ## - FUENTE DE CATALOGACION [NR]
Agencia de catalogación original [NR] Co-BoUCM
Idioma de catalogación [NR] spa
Quien Cataloga Sandra Yazo
Quien Clasifica Sandra Yazo
041 0# - CODIGO DE IDIOMA [R]
Código de idioma para texto/pista de sonido o título separado [R] Francés
082 04 - NUMERO DE CLASIFICACION DECIMAL DEWEY [R]
Número de clasificación [R] 844
Número de la edición [NR] 20
092 ## - SIGNATURA TOPOGRAFICA LOCAL
Número de clasificación local E52N133
100 1# - ASIENTO PRINCIPAL--NOMBRE PERSONAL [NR]
Nombre personal [NR] Bárres, Maurice
Fechas asociadas con el nombre [NR] 1862-1923
ID Autoridad 93939
242 04 - TRADUCCION DEL TITULO POR LA AGENCIA CATALOGADORA [R]
Título [NR] Los Desarraigados.
Mención de responsabilidad, etc. [NR] Los Desarraigados. Por Mauricio Barrès.
Número de la parte o sección [R] La novela de la fuerza nacional
Código de idioma del título traducido [NR] spa
245 14 - MENCION DE TITULO [NR]
Título [NR] Les Déracinés.
Mención de responsabilidad, etc. [NR] Par Maurice Barrès.
Parte restante del título [NR] Le roman de l’énergie nationale
260 ## - PUBLICACION, DISTRIBUCION, ETC. (PIE DE IMPRENTA) [R]
Lugar de publicación, distribución, etc. [R] París (Francia)
Nombre del editor, distribuidor, etc. [R] Librairie Plon ; Plon-Nourrit et Cie., Imprimeurs-Éditeurs [Librería Plon ; Plon-Nourrit y Compañía, impresores-editores]
Fecha de publicación, distribución, etc. [R] [fecha desconocida]
300 ## - DESCRIPCION FISICA [R]
Extensión [R] 552, [1] páginas
Dimensiones [R] 18 x 11 cm.
500 ## - NOTA GENERAL [R]
Nota general [NR] Detalles físicos: Sin encuadernación original, actualmente, encuadernación rígida (holandesa) en cartón forrado en papel jaspeado. Lomo de tela, con letras y líneas decorativas en dorado. Guardas. Anteportada. Portada impresa en una sola tinta, con grabado (marca tipográfica de Plon). Páginas 1-2, pegadas y algo rasgadas. Texto impreso en una sola columna, con diferentes tipos y tamaños de letra. Papel ordinario. Índice. Papel manchado de amarillo.
505 0# - NOTA DE CONTENIDO CON FORMATO PREESTABLECIDO [R]
Nota de contenido con formato preestablecido [NR] El liceo de Nancy ; Instalación en París ; Las mujeres de Francisco Sturel ; Proletariado de bachilleres y de niñas ; El árbol de M. Taine ; En la tumba de Napoleón ; Francia separada y descabezada ; La verdadera república ; Un año de luchas ; Quince días de crisis ; El misterioso asunto Billancourt ; Perplejidades de Francisco Sturel ; Virtud social de un cadáver ; Desmembrado y decapitado
506 ## - NOTA DE RESTRICCIONES DE ACCESO [R]
Condiciones de acceso [NR] Consulta en sala
546 ## - NOTA DE IDIOMA [R]
Nota de idioma [NR] Texto en francés
650 #7 - ASIENTO SECUNDARIO DE MATERIA - TERMINO TEMATICO [R]
Término temático o nombre geográfico como elemento de entrada [NR] Literatura francesa
Subdivisión cronológica [R] Siglos XIX-XX
9 (RLIN) 7794
650 #7 - ASIENTO SECUNDARIO DE MATERIA - TERMINO TEMATICO [R]
Término temático o nombre geográfico como elemento de entrada [NR] Ensayos franceses
Subdivisión general [R] Política
9 (RLIN) 29867
690 ## - ASUNTO AGREGADO LOCAL DE ENTRADA - TÉRMINO TEMÁTICO (OCLC, RLIN)
Acceso temático local Literatura europea
9 (RLIN) 26524
942 ## - ELEMENTOS DE ENTRADA AGREGADOS (KOHA)
Tipo de ítem principal el descrito en 300a Libro
Tema principal 18
Edición 1
Sistema de clasificación LOCAL
Clasificación E52N133
Existencias
Suprimido Perdido Sistema de clasificación Dañado No prestable Tipo de ítem específico Ubicación habitual Ubicación actual Localización Fecha de creación Forma de adquisición Costo Total préstamos Signatura topográfica Código de barras Última vez visto Ejemplar Price effective from Tipo de ítem
    LOCAL     Libro archivo Archivo Histórico Archivo Histórico Archivo histórico 18/01/2024 Donación 0.00   E52N133 L006968 18/01/2024 Ej.1 18/01/2024 Libro